| 000 | 00451nam a22001577a 4500 | ||
|---|---|---|---|
| 005 | 20240308090759.0 | ||
| 008 | 240308b |||||||| |||| 00| 0 eng d | ||
| 041 | _aAfrikaans | ||
| 082 | _a349 BUT | ||
| 100 | _lAfrikaans | ||
| 245 | _aTydskrif vir die Suid-Afrikaanse Reg | ||
| 260 |
_aKaapstad : _bJuta en Kie Bpk, _c1982 |
||
| 300 |
_b190 pages ; _c25 cm. |
||
| 650 |
_aLegal practice _bLaw |
||
| 942 |
_cBK _6ALISON_BN_VRIES |
||
| 999 |
_c1417 _d1417 |
||